[Event "SCG Cup (Woman)"]
[Site "Vrnjacka Banja"]
[Date "2006.05.07"]
[Round "7"]
[White "Markovic, Gordana"]
[Black "Kovacevic, Radmila"]
[Result "1-0"]
[WhiteElo "2252"]
[BlackElo "2105"]
[PlyCount "55"]
[EventDate "2006.05.01"]
[EventType "swiss"]
[EventRounds "7"]
[EventCountry "YUG"]
[SourceTitle "EXT 2007"]
[Source "ChessBase"]
[SourceDate "2006.11.23"]
[SourceVersion "1"]
[SourceVersionDate "2006.11.23"]
[SourceQuality "1"]

1. f4 c5 2. Nf3 d5 3. e3 Nc6 4. d4 Nf6 5. c3 e6 6. Bd3 Qc7 7. 0-0 Bd6 8. Ne5 c4 9. Bc2 Ne7 10. Nd2 Nfg8 11. e4 g6 12. Qe2 f6 13. Ba4+ Kf8 14. Ng4 Bxf4 15. e5 h5 16. Nxf6 Nxf6 17. Rxf4 Nf5 18. Rxf5 gxf5 19. exf6 h4 20. Nf3 a6 21. Ne5 Qh7 22. Bf4 b5 23. Bc2 h3 24. g3 a5 25. Nf3 Qd7 26. Qe3 b4 27. Bh6+ Ke8 28. Bg7 1-0

[Event "YUG-chT (Women)"]
[Site "Herceg Novi"]
[Date "2001.05.??"]
[Round "6"]
[White "Medjedovic, Jadranka"]
[Black "Markovic, Gordana"]
[Result "0-1"]
[WhiteElo "2095"]
[BlackElo "2262"]
[PlyCount "68"]
[EventDate "2001.05.??"]
[EventType "team"]
[EventRounds "11"]
[EventCountry "YUG"]
[SourceTitle "CBM 082 Extra"]
[Source "ChessBase"]
[SourceDate "2001.07.03"]
[SourceVersion "1"]
[SourceVersionDate "2001.07.03"]
[SourceQuality "1"]

1. e4 e6 2. d4 d5 3. exd5 exd5 4. Bd3 Nc6 5. c3 Bd6 6. Qf3 Be6 7. Bf4 Nge7 8. Ne2 Ng6 9. Bxd6 Qxd6 10. Nd2 0-0-0 11. Qg3 Nce7 12. Qxd6 Rxd6 13. Nf3 f6 14. h3 Bf5 15. 0-0-0 Re6 16. Bxf5 Nxf5 17. Kd2 Nd6 18. Ng3 Nf4 19. Rhg1 Rhe8 20. Rde1 Nc4+ 21. Kc2 Ne2 22. Rgf1 Nxg3 23. fxg3 Ne3+ 24. Kc1 Nxf1 25. Rxf1 Re2 26. Rg1 Rf2 27. Ne1 Ree2 28. Nd3 Rxg2 29. Rf1 Rc2+ 30. Kb1 Rcd2 31. Nf4 Rxb2+ 32. Kc1 Rgc2+ 33. Kd1 Rxc3 34. Nxd5 Rxg3 0-1

[Event "YUG-chT (Women)"]
[Site "Kragujevac"]
[Date "2000.12.14"]
[Round "4"]
[White "Djukic D, Slobodan"]
[Black "Markovic, Gordana"]
[Result "1/2-1/2"]
[WhiteElo "2209"]
[BlackElo "2274"]
[PlyCount "103"]
[EventDate "2000.12.11"]
[EventType "team"]
[EventRounds "11"]
[EventCountry "YUG"]
[SourceTitle "CBM 079 Extra"]
[Source "ChessBase"]
[SourceDate "2001.01.11"]
[SourceVersion "2"]
[SourceVersionDate "2001.01.25"]
[SourceQuality "1"]

1. d4 e6 2. g3 f5 3. Bg2 Nf6 4. Nh3 Be7 5. Nd2 d5 6. Nf3 0-0 7. 0-0 c5 8. c3 Nc6 9. Nf4 c4 10. Qc2 Bd7 11. h4 Bd6 12. Ng5 Qe8 13. Ngh3 b5 14. f3 e5 15. dxe5 Qxe5 16. Bd2 Bc5+ 17. Kh2 Rad8 18. Rfe1 Rfe8 19. e3 Qc7 20. Re2 Bc8 21. Rae1 Ne5 22. b4 Bd6 23. Rf1 h6 24. Be1 Nf7 25. Ng6 Nh5 26. Nhf4 Nxf4 27. exf4 h5 28. Rxe8+ Rxe8 29. Bh3 Nh6 30. Bf2 Kh7 31. Ne5 Bxe5 32. fxe5 Rxe5 33. Bd4 Re8 34. Rf2 Qe7 35. Qd2 a6 36. Bg2 Bb7 37. Bf1 Nf7 38. Re2 Qd7 39. Rxe8 Qxe8 40. Bh3 Bc8 41. a3 Qe6 42. Qf4 Bd7 43. Bg2 Qg6 44. Bh3 Qe6 45. Bg2 g6 46. Kh3 Qe7 47. Kh2 g5 48. hxg5 Qxg5 49. Qc7 Qd8 50. Qf4 Qe7 51. Bh3 Kg6 52. Qb8 1/2-1/2

[Event "EU-Cup (Women) 05th"]
[Site "Halle"]
[Date "2000.09.29"]
[Round "6.4"]
[White "Ovod, Evgenija"]
[Black "Markovic, Gordana"]
[Result "1-0"]
[WhiteElo "2263"]
[BlackElo "2274"]
[PlyCount "107"]
[EventDate "2000.09.24"]
[EventType "team-swiss"]
[EventRounds "7"]
[EventCountry "GER"]
[SourceTitle "EXT 2013"]
[Source "ChessBase"]
[SourceDate "2012.11.22"]
[SourceVersion "1"]
[SourceVersionDate "2012.11.22"]
[SourceQuality "1"]
[WhiteTeam "St Petersburg (W)"]
[BlackTeam "Belgrade BAS (W)"]
[WhiteTeamCountry "RUS"]
[BlackTeamCountry "YUG"]

1. d4 d5 2. c4 e6 3. Nf3 c6 4. Nc3 f5 5. Bf4 Nf6 6. e3 Be7 7. Qc2 Ne4 8. Nxe4 dxe4 9. Nd2 0-0 10. c5 Nd7 11. Nc4 b6 12. 0-0-0 Nf6 13. Bd6 Ba6 14. Bxe7 Qxe7 15. Ne5 Bxf1 16. Rhxf1 Rfc8 17. Kb1 Rab8 18. Rc1 Qb7 19. Qb3 Nd5 20. cxb6 axb6 21. Rc4 Qa6 22. Rfc1 c5 23. dxc5 b5 24. Rd4 h6 25. Nd7 Ra8 26. Nb6 Nxb6 27. Qxe6+ Kh8 28. cxb6 Re8 29. Qb3 Qxb6 30. Rd5 f4 31. Rxb5 Qg6 32. g3 fxe3 33. fxe3 Red8 34. Rd5 Rdb8 35. Rb5 Rd8 36. a3 Rd3 37. Rc3 Rd2 38. Rb8+ Rxb8 39. Qxb8+ Kh7 40. Rc8 Qf6 41. Rh8+ Kg6 42. Qe8+ Kf5 43. Qb5+ Kg4 44. a4 Rxh2 45. Rc8 Kxg3 46. a5 Rf2 47. Rc1 Rf5 48. Qb8+ Kf2 49. Qb7 Re5 50. a6 Re7 51. Qb8 Qf7 52. Rc2+ Kf3 53. Qh2 Kxe3 54. Rc3+ 1-0

[Event "EU-Cup (Women) 05th"]
[Site "Halle"]
[Date "2000.09.25"]
[Round "2.3"]
[White "Markovic, Gordana"]
[Black "Eckhardt, Claudia"]
[Result "1-0"]
[WhiteElo "2274"]
[BlackElo "2169"]
[PlyCount "121"]
[EventDate "2000.09.24"]
[EventType "team-swiss"]
[EventRounds "7"]
[EventCountry "GER"]
[SourceTitle "EXT 2013"]
[Source "ChessBase"]
[SourceDate "2012.11.22"]
[SourceVersion "1"]
[SourceVersionDate "2012.11.22"]
[SourceQuality "1"]
[WhiteTeam "Belgrade BAS (W)"]
[BlackTeam "Halle USV (W)"]
[WhiteTeamCountry "YUG"]
[BlackTeamCountry "GER"]

1. e4 c5 2. b3 e6 3. Bb2 Nc6 4. Nc3 Nf6 5. f4 d6 6. Nf3 a6 7. d3 Be7 8. Be2 b5 9. 0-0 Qb6 10. Kh1 Bb7 11. Qd2 b4 12. Nd1 Nd4 13. Ne3 Qa7 14. a3 d5 15. exd5 Nxd5 16. Nxd5 Bxd5 17. axb4 Nxe2 18. Qxe2 cxb4 19. Bxg7 Rg8 20. Bd4 Qc7 21. Be5 Qb7 22. f5 Rc8 23. fxe6 fxe6 24. Rf2 Kd7 25. Bg3 Rcf8 26. Ne5+ Kc8 27. Rxf8+ Rxf8 28. d4 Bd8 29. Nc4 Kd7 30. Ne3 Bc6 31. Qg4 Be7 32. d5 Bxd5 33. Nxd5 Qxd5 34. h3 Qb5 35. Rd1+ Ke8 36. Qxe6 Rf1+ 37. Rxf1 Qxf1+ 38. Kh2 Kf8 39. Qh6+ Kg8 40. Be5 Qf7 41. Qxa6 Qh5 42. Qe6+ Kf8 43. Bf4 Qc5 44. Qc4 Bd6 45. Bxd6+ Qxd6+ 46. Kg1 Kg7 47. Qd3 Qb6+ 48. Kf1 Qf6+ 49. Ke2 Qe5+ 50. Kd1 Qc5 51. Qe4 h6 52. g4 Qg1+ 53. Kd2 Qh2+ 54. Kc1 Qg1+ 55. Kb2 Qc5 56. h4 Qc3+ 57. Kb1 Qc5 58. h5 Qd6 59. Qg6+ Qxg6 60. hxg6 Kxg6 61. c3 1-0

[Event "EU-Cup (Women) 04th"]
[Site "Nova Gorica"]
[Date "1999.06.30"]
[Round "3.4"]
[White "Semenova, Lidia K"]
[Black "Markovic, Gordana"]
[Result "1-0"]
[WhiteElo "2280"]
[BlackElo "2266"]
[PlyCount "119"]
[EventDate "1999.06.28"]
[EventType "team-swiss"]
[EventRounds "7"]
[EventCountry "SLO"]
[SourceTitle "EXT 2013"]
[Source "ChessBase"]
[SourceDate "2012.11.22"]
[SourceVersion "1"]
[SourceVersionDate "2012.11.22"]
[SourceQuality "1"]
[WhiteTeam "Kiev Mriya Grandmaster School (W)"]
[BlackTeam "Belgrade BAS (W)"]
[WhiteTeamCountry "UKR"]
[BlackTeamCountry "YUG"]

1. d4 d5 2. Bg5 h6 3. Bf4 c6 4. c3 Bf5 5. e3 Nf6 6. h3 e6 7. Nf3 Nbd7 8. Be2 Be7 9. Nbd2 Bh7 10. Bh2 0-0 11. 0-0 c5 12. Ne5 Qc8 13. f4 Ne8 14. g4 f6 15. Nxd7 Qxd7 16. Qe1 Rc8 17. Qg3 Nd6 18. Qg2 Ne4 19. Bf3 Nxd2 20. Qxd2 b5 21. a3 a5 22. Bg3 b4 23. axb4 axb4 24. Rfc1 bxc3 25. bxc3 Kh8 26. Qg2 Rfd8 27. h4 Rb8 28. Kh2 Rb3 29. Bd1 Be4 30. Qa2 Rb6 31. Bc2 e5 32. dxc5 Bxc5 33. Bxe4 dxe4 34. Qe2 Rd6 35. Rc2 Rd3 36. fxe5 Rxe3 37. Qg2 Rf3 38. Ra5 Bb6 39. Ra6 Qb5 40. Qe2 Rfd3 41. Raa2 e3 42. exf6 gxf6 43. Qf3 Kg7 44. c4 Qc5 45. Re2 Rd2 46. Bf4 Rxa2 47. Rxa2 Qxc4 48. Rg2 Qe6 49. g5 hxg5 50. Bxg5 Kf7 51. Qh5+ Ke7 52. Bxf6+ Qxf6 53. Qh7+ Ke6 54. Rg6 Rd2+ 55. Kh3 Bd4 56. Rxf6+ Kxf6 57. Qe4 Kg7 58. h5 e2 59. Qg6+ Kf8 60. Qh6+ 1-0

[Event "YUG-chT (Women)"]
[Site "Vrnjacka Banja"]
[Date "1999.??.??"]
[Round "9"]
[White "Markovic, Gordana"]
[Black "Drljevic, Ljilja"]
[Result "1-0"]
[WhiteElo "2266"]
[BlackElo "2088"]
[PlyCount "97"]
[EventDate "1999.08.??"]
[EventType "team"]
[EventRounds "9"]
[EventCountry "YUG"]
[SourceTitle "EXT 2000"]
[Source "ChessBase"]
[SourceDate "1999.11.16"]
[SourceVersion "1"]
[SourceVersionDate "1999.11.16"]
[SourceQuality "1"]

1. f4 d5 2. Nf3 g6 3. e3 Bg7 4. d4 Bg4 5. Bd3 Nf6 6. Nbd2 0-0 7. 0-0 Nbd7 8. h3 Bxf3 9. Qxf3 e6 10. g4 c6 11. b3 Qc7 12. a4 c5 13. Bb2 Ne8 14. c4 Qa5 15. Rf2 dxc4 16. Nxc4 Qb4 17. Qd1 cxd4 18. Ba3 Qc3 19. e4 Nef6 20. Rc1 Nxe4 21. Rxc3 Nxf2 22. Kxf2 dxc3 23. Bxf8 Bxf8 24. Bc2 Nf6 25. Qf3 Nd5 26. f5 Bc5+ 27. Kg2 Rd8 28. fxe6 fxe6 29. Qe4 Kf7 30. h4 Ke7 31. h5 Rf8 32. hxg6 hxg6 33. Kg3 Bf2+ 34. Kg2 Bc5 35. g5 Rf5 36. Qh4 Rf4 37. Qg3 Rf8 38. Qe1 Nf4+ 39. Kg3 Nh5+ 40. Kg4 Rf4+ 41. Kh3 Rf3+ 42. Kg2 Rf7 43. Ne5 Nf4+ 44. Kg3 Nh5+ 45. Kg4 Rf4+ 46. Kh3 Re4 47. Nxg6+ Kf7 48. Qxc3 b6 49. Qf3+ 1-0

[Event "YUG Cup (Women)"]
[Site "Ulcinj"]
[Date "1998.??.??"]
[Round "5"]
[White "Petrovic, Marija"]
[Black "Markovic, Gordana"]
[Result "1-0"]
[WhiteElo "2265"]
[BlackElo "2235"]
[PlyCount "59"]
[EventDate "1998.??.??"]
[EventType "team"]
[EventRounds "7"]
[EventCountry "YUG"]
[SourceTitle "EXT 1999"]
[Source "ChessBase"]
[SourceDate "1998.11.16"]
[SourceVersion "1"]
[SourceVersionDate "1998.11.16"]
[SourceQuality "1"]

1. d4 e6 2. Nf3 c5 3. e3 Nf6 4. Bd3 b6 5. 0-0 Bb7 6. Re1 Be7 7. b3 0-0 8. Bb2 Nc6 9. a3 Rc8 10. Nbd2 Qc7 11. c4 cxd4 12. exd4 d5 13. Ne5 dxc4 14. bxc4 Rfd8 15. Ndf3 Nxe5 16. Nxe5 g6 17. Qe2 Nh5 18. g3 Bf6 19. d5 exd5 20. cxd5 Bxd5 21. Rac1 Qd6 22. Rxc8 Rxc8 23. Ng4 Bxb2 24. Qxb2 f6 25. Bf1 Rf8 26. Qd2 Rd8 27. Rd1 f5 28. Ne3 Nf6 29. Nxd5 Kg7 30. Qb2 1-0

[Event "YUG-ch3 (Women)"]
[Site "Vrnjacka Banja"]
[Date "1996.??.??"]
[Round "?"]
[White "Markovic, Gordana"]
[Black "Dragovic, Nada"]
[Result "1-0"]
[WhiteElo "2285"]
[BlackElo "2055"]
[PlyCount "79"]
[EventDate "1996.??.??"]
[EventType "tourn"]
[EventRounds "11"]
[EventCountry "YUG"]
[SourceTitle "EXT 1998"]
[Source "ChessBase"]
[SourceDate "1997.11.17"]
[SourceVersion "1"]
[SourceVersionDate "1997.11.17"]
[SourceQuality "1"]

1. f4 g6 2. Nf3 Bg7 3. e4 d6 4. g3 Nf6 5. d3 0-0 6. Bg2 c6 7. Qe2 Qc7 8. 0-0 e5 9. Kh1 Nbd7 10. Nc3 b6 11. Nh4 Bb7 12. f5 d5 13. g4 dxe4 14. dxe4 a5 15. Qf3 Nc5 16. Be3 Nfd7 17. Qh3 Qd8 18. Nf3 Qe7 19. Rf2 Ba6 20. Bf1 b5 21. g5 Qd6 22. Rd1 Qc7 23. f6 Bh8 24. Nd2 Bc8 25. Qf3 Ne6 26. h4 Ndc5 27. Nb3 Nxb3 28. cxb3 Rd8 29. Rfd2 Rxd2 30. Rxd2 Nf8 31. Bc5 Nd7 32. Be7 Ra7 33. Bh3 a4 34. bxa4 bxa4 35. Qd1 h6 36. Nxa4 hxg5 37. hxg5 Qa5 38. Nc3 Qc7 39. Bg4 Nf8 40. Rd8 1-0

[Event "YUG-chT (Women)"]
[Site "Novi Sad"]
[Date "1996.??.??"]
[Round "?"]
[White "Markovic, Gordana"]
[Black "Kostic, Maja"]
[Result "0-1"]
[WhiteElo "2285"]
[BlackElo "2185"]
[PlyCount "86"]
[EventDate "1996.??.??"]
[EventType "team"]
[EventRounds "7"]
[EventCountry "YUG"]
[SourceTitle "EXT 1999"]
[Source "ChessBase"]
[SourceDate "1998.11.16"]
[SourceVersion "1"]
[SourceVersionDate "1998.11.16"]
[SourceQuality "1"]

1. e4 d6 2. g3 Nf6 3. Bg2 e5 4. d3 Be7 5. Ne2 0-0 6. 0-0 c6 7. h3 Nbd7 8. f4 h6 9. Be3 d5 10. Nd2 d4 11. Bf2 c5 12. Nf3 Qc7 13. Qd2 Bd6 14. Nh4 Re8 15. Nf5 Bf8 16. c3 c4 17. fxe5 cxd3 18. exf6 dxe2 19. Qxe2 g6 20. Nh4 dxc3 21. Nxg6 Bc5 22. Ne7+ Kh7 23. Nd5 Qxg3 24. b4 Bxf2+ 25. Qxf2 Rg8 26. Rac1 Qxh3 27. Rxc3 Qh5 28. Ne7 Qe5 29. Nxg8 Qxc3 30. Nxh6 Ne5 31. Nf5 Bxf5 32. Qxf5+ Kg8 33. Qg5+ Kf8 34. Rd1 Ng6 35. Qh6+ Ke8 36. Qg5 Qxb4 37. Bh3 Qb6+ 38. Kh1 Rd8 39. Re1 Qf2 40. Qb5+ Kf8 41. Qb4+ Kg8 42. Rf1 Qh4 43. Kh2 Rd3 0-1

[Event "YUG-chT (Women)"]
[Site "Novi Sad"]
[Date "1996.??.??"]
[Round "?"]
[White "Markovic, Gordana"]
[Black "Maric, Mirjana"]
[Result "0-1"]
[WhiteElo "2285"]
[BlackElo "2280"]
[PlyCount "126"]
[EventDate "1996.??.??"]
[EventType "team"]
[EventRounds "7"]
[EventCountry "YUG"]
[SourceTitle "EXT 1999"]
[Source "ChessBase"]
[SourceDate "1998.11.16"]
[SourceVersion "1"]
[SourceVersionDate "1998.11.16"]
[SourceQuality "1"]

1. e4 e5 2. d4 exd4 3. Qxd4 Nc6 4. Qe3 Nf6 5. Nc3 Bb4 6. Bd2 0-0 7. 0-0-0 Re8 8. Qg3 d6 9. f3 a6 10. h4 Be6 11. h5 Nd7 12. f4 Nb6 13. a3 Bc5 14. f5 Bc4 15. Nf3 d5 16. Bg5 Qd6 17. Qxd6 Bxd6 18. Nxd5 Bxd5 19. exd5 Ne7 20. Bxe7 Rxe7 21. c4 Re4 22. Rh4 Rxh4 23. Nxh4 Nd7 24. g4 Re8 25. Bd3 Re3 26. Kc2 Rg3 27. f6 g6 28. hxg6 hxg6 29. b4 b6 30. c5 bxc5 31. Bxa6 cxb4 32. axb4 Nxf6 33. Bc8 Nxg4 34. Re1 Nf6 35. Bb7 Bxb4 36. Rf1 Be7 37. Nf3 Rg4 38. Ne5 Rb4 39. Bc6 Kg7 40. Kd2 Bd6 41. Nf3 Rf4 42. Ke2 Rf5 43. Rd1 Rf4 44. Nd4 Ng4 45. Nb5 Rf2+ 46. Kd3 Rf3+ 47. Ke2 Re3+ 48. Kd2 Bf4 49. Kc2 Re2+ 50. Kb3 Be5 51. Rc1 Re3+ 52. Kb4 Bd6+ 53. Ka5 Nf6 54. Rd1 Ne4 55. Rc1 Nc5 56. Rc2 f5 57. Nd4 Nb3+ 58. Nxb3 Rxb3 59. Bd7 Kf6 60. Re2 Be5 61. Rf2 Rd3 62. Be6 c6 63. Kb4 cxd5 0-1

[Event "YUG-ch3 (Women)"]
[Site "Vrnjacka Banja"]
[Date "1996.??.??"]
[Round "?"]
[White "Markovic, Gordana"]
[Black "Markov, Vesna"]
[Result "0-1"]
[WhiteElo "2285"]
[BlackElo "2165"]
[PlyCount "102"]
[EventDate "1996.??.??"]
[EventType "tourn"]
[EventRounds "11"]
[EventCountry "YUG"]
[SourceTitle "EXT 1998"]
[Source "ChessBase"]
[SourceDate "1997.11.17"]
[SourceVersion "1"]
[SourceVersionDate "1997.11.17"]
[SourceQuality "1"]

1. f4 d5 2. Nf3 g6 3. e3 Bg7 4. d4 Nf6 5. Bd3 0-0 6. 0-0 b6 7. Qe2 Bb7 8. b3 c5 9. c3 Qc7 10. Bb2 Nbd7 11. Nbd2 Rfe8 12. Rac1 Rac8 13. Ne5 a6 14. a4 Nb8 15. f5 g5 16. h4 gxh4 17. Rf4 Nbd7 18. Nxd7 Nxd7 19. Rxh4 a5 20. Nf3 Bf6 21. Rh3 Kh8 22. Kf2 Rg8 23. Rch1 Rg7 24. g4 Rxg4 25. Rxh7+ Kg8 26. Ne5 Rg5 27. R7h5 Rxh5 28. Qxh5 Nxe5 29. dxe5 Qxe5 30. Qh6 Rc6 31. Qh7+ Kf8 32. Rg1 Bg7 33. Ke2 Rh6 34. Qxg7+ Qxg7 35. Rxg7 Kxg7 36. c4+ d4 37. Ke1 Rh3 38. Kd2 Rh4 39. exd4 cxd4 40. Ba3 e5 41. fxe6 fxe6 42. c5 Rh2+ 43. Kc1 bxc5 44. Bxc5 e5 45. Bb6 Kf6 46. Bxa5 e4 47. Bc4 e3 48. Bd8+ Kf5 49. Bb6 Rh1+ 50. Kb2 Ke4 51. a5 e2 0-1

[Event "YUG-chT (Women)"]
[Site "Tivat"]
[Date "1995.??.??"]
[Round "1"]
[White "Jevtic, Bojana"]
[Black "Markovic, Gordana"]
[Result "0-1"]
[WhiteElo "2040"]
[BlackElo "2255"]
[PlyCount "82"]
[EventDate "1995.??.??"]
[EventType "team"]
[EventRounds "11"]
[EventCountry "YUG"]
[SourceTitle "EXT 1997"]
[Source "ChessBase"]
[SourceDate "1996.11.15"]
[SourceVersion "1"]
[SourceVersionDate "1996.11.15"]
[SourceQuality "1"]

1. e4 e5 2. Nf3 Nc6 3. d4 exd4 4. Nxd4 Nf6 5. Nxc6 bxc6 6. Bd3 d5 7. exd5 cxd5 8. 0-0 Be7 9. h3 0-0 10. Re1 Rb8 11. Nd2 c5 12. c3 Bd6 13. Nf3 h6 14. Qc2 c4 15. Bf5 Re8 16. Rxe8+ Qxe8 17. Bxc8 Qxc8 18. Be3 Rb7 19. b4 cxb3 20. axb3 Bc5 21. Nd4 Bb6 22. Rc1 Qd7 23. Rb1 Rc7 24. Rc1 Ne4 25. Qd3 Nc5 26. Qb1 Qc8 27. c4 Ne4 28. Qd3 Nd6 29. Ra1 dxc4 30. bxc4 Nxc4 31. Nf5 Nxe3 32. Nxe3 Rc1+ 33. Rxc1 Qxc1+ 34. Nf1 Qe1 35. Qc2 g6 36. g3 Bd4 37. Kg2 a5 38. Nh2 Qc3 39. Qa2 Qb2 40. Qxb2 Bxb2 41. Nf1 a4 0-1

[Event "YUG-ch (Women)"]
[Site "Smederevo"]
[Date "1994.04.27"]
[Round "9"]
[White "Todorovic, Olivera"]
[Black "Markovic, Gordana"]
[Result "0-1"]
[WhiteElo "2110"]
[BlackElo "2250"]
[PlyCount "94"]
[EventDate "1994.04.18"]
[EventType "swiss"]
[EventRounds "10"]
[EventCountry "YUG"]
[SourceTitle "EXT 2018"]
[Source "ChessBase"]
[SourceDate "2017.10.13"]
[SourceVersion "1"]
[SourceVersionDate "2017.10.13"]
[SourceQuality "1"]

1. e4 e5 2. Nf3 Nc6 3. Bc4 Nf6 4. d3 h6 5. 0-0 d6 6. h3 g6 7. c3 Bg7 8. Re1 0-0 9. d4 Qe7 10. dxe5 dxe5 11. b4 Rd8 12. Qb3 Nh5 13. Nbd2 Qf6 14. Re3 Nf4 15. Nh2 Qe7 16. Ndf1 Be6 17. Bxe6 Nxe6 18. Rf3 Qh4 19. Qc2 h5 20. Rg3 Rd7 21. Ne3 Qd8 22. Nd5 Ne7 23. Rd3 Nxd5 24. exd5 Rxd5 25. Rxd5 Qxd5 26. Be3 Rd8 27. Qa4 a6 28. Rc1 Qd3 29. Nf3 Bf6 30. Qa5 e4 31. Nd4 Nxd4 32. cxd4 c6 33. a4 Rd7 34. b5 axb5 35. axb5 Qxb5 36. Qc3 Qd5 37. Qb4 Bxd4 38. Bxd4 Qxd4 39. Rc4 Qa1+ 40. Kh2 Qe5+ 41. g3 Re7 42. Rc5 Qf6 43. Qd2 Kg7 44. Ra5 Re8 45. Ra4 b5 46. Rb4 h4 47. g4 e3 0-1

[Event "YUG-ch (Women)"]
[Site "Smederevo"]
[Date "1994.04.26"]
[Round "8"]
[White "Markovic, Gordana"]
[Black "Maksimovic, Suzana"]
[Result "0-1"]
[WhiteElo "2250"]
[BlackElo "2305"]
[PlyCount "80"]
[EventDate "1994.04.18"]
[EventType "swiss"]
[EventRounds "10"]
[EventCountry "YUG"]
[SourceTitle "EXT 2018"]
[Source "ChessBase"]
[SourceDate "2017.10.13"]
[SourceVersion "1"]
[SourceVersionDate "2017.10.13"]
[SourceQuality "1"]

1. e4 c5 2. b3 e5 3. Bc4 Nf6 4. Nc3 Nc6 5. d3 Be7 6. Nge2 a6 7. a4 d6 8. 0-0 0-0 9. f4 exf4 10. Bxf4 Rb8 11. Ng3 Nd4 12. Bd5 b5 13. axb5 axb5 14. Qd2 b4 15. Nce2 Nxe2+ 16. Qxe2 Bg4 17. Qf2 Nxd5 18. exd5 Bf6 19. Ra6 Re8 20. Kh1 Bd4 21. Qd2 Bc3 22. Qf2 Bd4 23. Qd2 Ra8 24. Rxd6 Qe7 25. Ne4 Bf5 26. Qe2 Be5 27. Bxe5 Qxe5 28. Rb6 Qxd5 29. Qf2 Bxe4 30. dxe4 Rxe4 31. Qg3 h5 32. Qc7 Rg4 33. Qc6 Rd8 34. h3 Rg3 35. Qxd5 Rxd5 36. Rb8+ Kh7 37. Rxf7 Rd2 38. Rf3 Rgxg2 39. Rbf8 Rxc2 40. R8f5 g6 0-1

[Event "YUG-ch (Women)"]
[Site "Smederevo"]
[Date "1994.04.20"]
[Round "3"]
[White "Nikolic, Mila"]
[Black "Markovic, Gordana"]
[Result "1-0"]
[WhiteElo "2145"]
[BlackElo "2250"]
[PlyCount "76"]
[EventDate "1994.04.18"]
[EventType "swiss"]
[EventRounds "10"]
[EventCountry "YUG"]
[SourceTitle "EXT 2018"]
[Source "ChessBase"]
[SourceDate "2017.10.13"]
[SourceVersion "1"]
[SourceVersionDate "2017.10.13"]
[SourceQuality "1"]

1. e4 e5 2. Bc4 Nf6 3. d3 d6 4. f4 Bg4 5. Nf3 Nc6 6. c3 Qd7 7. 0-0 exf4 8. Bxf4 Bxf3 9. Qxf3 Ne5 10. Bxe5 dxe5 11. Nd2 0-0-0 12. Qf5 Ng4 13. Qxf7 Qxf7 14. Rxf7 Bc5+ 15. Kf1 Ne3+ 16. Ke2 Nxg2 17. Nf3 Nf4+ 18. Kd2 g5 19. Kc2 Rde8 20. Nxg5 Rhg8 21. Rf5 Rg7 22. Rf1 Ng2 23. Kb3 Rg6 24. Bf7 Rb6+ 25. Kc4 Be7 26. R1f3 Rd8 27. Rxe5 Bd6 28. Rb5 Rc6+ 29. Kb3 a6 30. Rd5 Rb6+ 31. Kc2 Ne1+ 32. Kd2 Nxf3+ 33. Nxf3 Bf4+ 34. Kc2 Rxd5 35. Bxd5 Rh6 36. Kb1 Bxh2 37. d4 c6 38. Bc4 Bf4 1-0